| 000 | 00768nam a22002057a 4500 | ||
|---|---|---|---|
| 005 | 20240219110304.0 | ||
| 010 | _aHIN-126909 | ||
| 020 |
_a9789391559373 _c500.00 |
||
| 035 | _aHN-99255 | ||
| 037 | _bDBAD/PUB | ||
| 082 | _aक | ||
| 245 |
_aतपस्या/ _cदिनेशमणि त्रिपाठी द्वारा सम्पादित |
||
| 250 | _a1 | ||
| 260 |
_aदिल्ली _bकौशिक पब्लिशिंग हाउस _c2021 |
||
| 270 |
_aए-49 गली न. 6 जगतपूरी एक्सटेंशन _b दिल्ली _e110093 |
||
| 300 |
_a150 पृष्ठ; _c22 सेमी (सजिल्द) |
||
| 700 | _962232 | ||
| 700 | _962233 | ||
| 942 |
_cHN _2ddc _hक _mतपस्या |
||
| 999 |
_c200886 _d200886 |
||